| 000 | 005040000a22001810004500 | ||
|---|---|---|---|
| 020 | _a0-8066-2217-2 | ||
| 041 | 0 | _aENG | |
| 082 | 0 | 4 | _aG 253 L3345c |
| 100 | 1 | _aLarson, Jim | |
| 245 | 1 | 0 | _aA church guide for strengthening families : Strategies, models, programs, and resources / Jim Larson |
| 260 | _aMinepolis, USA : Augsburg | ||
| 300 | _a126 Pag | ||
| 001 | 6263 | ||
| 942 | _cBK | ||
| 999 |
_c36536 _d36536 |
||
| 336 |
_atexto _btxt _2rdacontent |
||
| 337 |
_2rdamedia _asin mediación _bn |
||
| 338 |
_2rdacarrier _avolumen _bnc |
||